| 000 | 00785nas a2200265 4500 | ||
|---|---|---|---|
| 001 | BR9703726 | ||
| 003 | BR-BrBNA | ||
| 005 | 20231205100347.0 | ||
| 007 | ta | ||
| 008 | 230509b bl.|||p| |||| 00| 00por d | ||
| 040 |
_aBR-BrBNA _bpor _cBiblioteca Nacional de Agricultura |
||
| 041 | _a(Pt) | ||
| 072 | _aF01 | ||
| 100 | 1 | _aSilveira, A.P.D. da | |
| 100 | 1 | _aLima, A.M.L.P. | |
| 245 | 1 | _aInfluencia de diferentes especies de fungo micorrizico arbuscular no desenvolvimento do crisantemo | |
| 650 | _aCrisantemo | ||
| 650 | _aFungo | ||
| 650 | _aCasa de Vegetacao | ||
| 650 | _aFloracao | ||
| 650 | _aInoculacao | ||
| 773 | 0 |
_tBragantia (Brazil) _xISSN 0006-8705 _g(1996), v. 55(1) p. 177-184 _wBR9703726 |
|
| 909 |
_a202311 _bLúcia _c55 _dLúcia Elande |
||
| 942 |
_2AGRIS _n0 _cANA |
||
| 999 |
_c155578 _d155578 |
||